000 00956nam a2200313 i 4500
001 000015059
005 20250311114825.0
008 770810s1977 sp 000 0 spa d
020 _a8473392361
040 _aDO-SdBNP
_cDLC
_dDLC
_dBNPHU
082 _a305.42
_bA644
245 0 0 _aAportaciones a la cuestión femenina /
_cNatividad Álvarez ... [et al.].
260 _aMadrid :
_bAkal,
_c1977.
300 _a93, [2] p. ;
_c18 cm.
490 0 _aAkal 74
_v85
650 0 _aFeminismo
_92525
650 4 _aMujeres
_xCondiciones sociales
_92063
650 4 _aTrabajo de la mujer
_92064
700 1 _aBellido, Dulcinea,
_934084
700 1 _aCastro, María José,
_934085
700 1 _aComabella, Mercedes,
_934086
700 1 _aGraña, Emilia,
_934087
700 1 _aPardo, Rosa,
_934088
700 1 _aPérez, Pilar,
_934089
700 1 _aSáez, Margarita,
_934090
830 0 _aAkal 74
_v85
_934091
910 _aCatalogación derivada
049 _aBNGR
999 _c14631
_d14631